000 00911nam a22003137a 4500
001 0000437
003 KOHA_MİRAKIL
005 20260207001210.0
007 ta
008 081212b2000 tu |||gr||||#0|||0|tur |
020 _a9755112383
_cTL6
040 _aTR-BiSEU
_btur
_cTR-BiSEU
_erda
041 0 _atur
044 _ctu
050 _aTK3301
_b.S26 2000
100 1 _aSaner, Yetkin.
245 1 _aGüç dağıtımı (enerji dağıtımı) 1 :
_bdağıtım dizgeleri, senkron generatörler/
_cYetkin Saner ; Yetkin Saner.
250 _a2. bs.
264 1 _aİstanbul :
_bBirsen Yayınevi
_c2000
300 _a5 c.
336 _ametin
_btxt
_2rdacontent
337 _aaracısız
_bn
_2rdamedia
338 _acilt
_bnc
_2rdacarrier
650 0 _aGüç iletimi.
_92582
650 0 _aDağıtım dizgeleri.
_92583
650 0 _aSenkron generatörler.
_92584
907 _aOkuma Kitabı
942 _2lcc
_cBK
999 _c438
_d438